00289pab a2200121 454500008004000000100001900040245004100059260000900100300000900109362000900118650002400127773001600151180718b1990 xxu||||| |||| 00| 0 eng d aJain, Hemchand aLand Reforms & eighth five year plan c1990 a30-4 aDec. aLand Tenure - India aKurukshetra